[Event "15th ETC"]
[Site "Gothenburg SWE"]
[Date "2005.08.06"]
[Round "8"]
[White "Rozentalis,E"]
[Black "Svidler,P"]
[Result "1/2-1/2"]
[WhiteElo "2567"]
[BlackElo "2738"]
[EventDate "2005.07.30"]

1. e4 c5 2. Nf3 Nc6 3. Bb5 g6 4. O-O Bg7 5. Re1 e5 6. Bxc6 dxc6 7. d3 Qe7
8. a3 Nf6 9. b4 O-O 10. Nbd2 Nd7 11. bxc5 Qxc5 12. a4 b5 13. Nb3 Qd6 14.
axb5 cxb5 15. Qd2 Re8 16. Ba3 Qc7 17. Bb4 1/2-1/2

[Event "15th ETC"]
[Site "Gothenburg SWE"]
[Date "2005.08.06"]
[Round "8"]
[White "Palo,D"]
[Black "Mihalcisin,A"]
[Result "1/2-1/2"]
[WhiteElo "2519"]
[BlackElo "2526"]
[EventDate "2005.07.30"]

1. d4 Nf6 2. c4 g6 3. Nc3 d5 4. cxd5 Nxd5 5. Bd2 Nb6 6. Nf3 Bg7 7. e3 O-O
8. Rc1 Nc6 9. Bb5 e5 10. Bxc6 exd4 11. Nxd4 Bxd4 12. exd4 bxc6 13. O-O Ba6
14. Re1 Qxd4 15. Ne4 f5 16. Ng5 Nc4 17. Bc3 Qxd1 18. Rcxd1 Rfd8 19. Ne6
Rxd1 20. Rxd1 Nb6 21. Nxc7 Be2 22. Rd6 Rc8 23. Rxc6 Bb5 24. Rc5 a6 25. Ba5
Nc4 26. b4 Nxa5 27. bxa5 Rd8 28. h3 Rd4 29. Nxb5 axb5 30. Rxb5 Ra4 31. g3
Rxa2 32. Kg2 Ra3 33. h4 Kg7 34. Rc5 Kf6 35. f4 Kg7 36. Rc7+ Kh6 37. Ra7 Kh5
38. Kh3 h6 39. Ra8 Ra2 40. Ra6 Ra3 41. Ra7 Ra2 42. Ra8 Ra3 43. a6 Ra2 44.
Ra7 Ra3 45. Ra8 1/2-1/2

[Event "15th ETC"]
[Site "Gothenburg SWE"]
[Date "2005.08.06"]
[Round "8"]
[White "Nielsen,PH"]
[Black "Beliavsky,A"]
[Result "1/2-1/2"]
[WhiteElo "2668"]
[BlackElo "2599"]
[EventDate "2005.07.30"]

1. d4 Nf6 2. c4 e6 3. g3 d5 4. Nf3 Bb4+ 5. Bd2 Be7 6. Bg2 O-O 7. O-O c6 8.
Bf4 Nbd7 9. Nc3 dxc4 10. e4 b5 11. d5 Qb6 12. Nd4 cxd5 13. exd5 e5 14.
Ndxb5 Bc5 15. Bd2 Rb8 16. a4 a6 17. Na3 Bxa3 18. bxa3 Nc5 19. a5 Qd6 20.
Na4 Bg4 21. Qc2 Nxa4 22. Qxa4 Rfc8 23. Bb4 Qd8 24. d6 Rb5 25. Rfe1 Qd7 26.
Rac1 Bh3 27. Bh1 Bf5 28. Qd1 Bd3 29. Qd2 Re8 30. Bc6 Qxc6 31. Qxd3 Rc8 32.
Qe2 Rd5 33. Rc2 Nd7 34. Rec1 Rd4 35. Bc3 Re4 36. Qd2 Rg4 37. Qe2 h5 38. f3
Rg6 39. Bb4 Qd5 40. Rxc4 Rxc4 41. Rxc4 Nf6 42. Kg2 e4 43. fxe4 Qe6 44. e5
Rg4 45. Rxg4 hxg4 46. Qxa6 Qd5+ 47. Kf2 Qd4+ 48. Ke2 Qxe5+ 49. Kd1 Qa1+ 50.
Kc2 Qa2+ 51. Kc3 Qa1+ 52. Kb3 Qd1+ 53. Kb2 Qd4+ 54. Bc3 Qf2+ 55. Kb3 Qf3
56. Qc4 Qd1+ 57. Kb4 Qxd6+ 58. Kb5 Qd7+ 59. Ka6 Nd5 60. Bb4 Nc7+ 61. Kb6
Nd5+ 62. Kc5 Ne7 63. Qe4 Qc7+ 64. Kb5 Qd7+ 65. Kc4 Qc8+ 66. Kb3 Nc6 67. Qc4
Qb7 68. Qc5 Nb8 69. Qd6 Na6 70. Qd8+ Kh7 71. Qh4+ Kg8 72. Qd8+ Kh7 73. Qh4+
Kg8 74. Qxg4 Nc5+ 75. Kc3 Na4+ 76. Kd4 Qa8 77. Kd3 Qa6+ 78. Kd2 Qc6 79. Qd4
Qg2+ 80. Kc1 Qe2 81. Bd2 Qf1+ 82. Kc2 Qf5+ 83. Qd3 Qc8+ 84. Kb1 Nc5 85. Qd5
Ne6 86. h4 Qb8+ 87. Ka2 Qc8 88. Qd3 Qc5 89. a6 Qc7 90. g4 Nc5 91. Qc4 Qh2
92. Qxc5 Qxd2+ 93. Kb3 Qd3+ 94. Kb4 Qxa6 95. a4 Qb7+ 96. Ka5 Qa8+ 97. Kb5
Qb7+ 98. Kc4 Qe4+ 99. Qd4 Qe6+ 100. Kb4 Qe1+ 101. Ka3 Qe7+ 102. Kb3 Qb7+
103. Ka2 Qg2+ 104. Ka3 Qf3+ 105. Kb4 Qb7+ 106. Kc3 Qf3+ 107. Kd2 Qg2+ 108.
Kd1 Qf1+ 109. Kc2 Qg2+ 110. Kb3 Qf3+ 111. Qc3 Qxg4 112. a5 Qd1+ 113. Kb4
Qb1+ 114. Kc5 Qb7 115. Qe5 Qa7+ 116. Kc6 Qa6+ 117. Kc7 Qa7+ 118. Kd8 Qa8+
119. Kd7 Qb7+ 120. Kd8 Qa8+ 121. Kd7 Qb7+ 122. Qc7 Qd5+ 123. Kc8 Qa8+ 124.
Kd7 Qd5+ 1/2-1/2

[Event "15th ETC"]
[Site "Gothenburg SWE"]
[Date "2005.08.06"]
[Round "8"]
[White "Borisek,J"]
[Black "Hansen,SuB"]
[Result "1/2-1/2"]
[WhiteElo "2509"]
[BlackElo "2568"]
[EventDate "2005.07.30"]

1. e4 c5 2. Nf3 e6 3. d4 cxd4 4. Nxd4 a6 5. c4 Nf6 6. Nc3 Bb4 7. Bd3 Nc6 8.
Nde2 d5 9. cxd5 exd5 10. exd5 Nxd5 11. O-O Nxc3 12. bxc3 Bd6 13. Qc2 g6 14.
Nd4 O-O 15. Nxc6 bxc6 16. Re1 Re8 17. Bb2 Rxe1+ 18. Rxe1 Bf8 19. Be4 Be6
20. Bxc6 1/2-1/2

[Event "15th ETC"]
[Site "Gothenburg SWE"]
[Date "2005.08.06"]
[Round "8"]
[White "Pert,N"]
[Black "Kizov,A"]
[Result "1/2-1/2"]
[WhiteElo "2493"]
[BlackElo "2418"]
[EventDate "2005.07.30"]

1. d4 d5 2. c4 dxc4 3. e3 e5 4. Bxc4 exd4 5. exd4 Bd6 6. Nf3 Nf6 7. O-O O-O
8. Nc3 Nc6 9. Be3 Bg4 10. h3 Bh5 11. Rc1 a6 12. a3 Re8 13. Re1 Qd7 14. Be2
h6 15. Qb3 Rab8 16. Rcd1 b5 17. Kh1 Na5 18. Qc2 Nc4 19. Ne5 Nxe5 20. dxe5
Rxe5 21. Bd4 Bxe2 22. Bxe5 Bxd1 23. Rxd1 Qe6 24. Bxd6 cxd6 25. Qd3 Rb6 26.
Kg1 Rc6 27. Qf3 Qc8 28. Qf4 Qc7 29. Rd3 d5 30. Qxc7 Rxc7 31. Nxd5 Nxd5 32.
Rxd5 Rc1+ 33. Kh2 Rc2 34. f3 Rxb2 35. Rd8+ Kh7 36. Ra8 1/2-1/2

[Event "15th ETC"]
[Site "Gothenburg SWE"]
[Date "2005.08.06"]
[Round "8"]
[White "Jacimovic,D"]
[Black "Gormally,D"]
[Result "0-1"]
[WhiteElo "2438"]
[BlackElo "2557"]
[EventDate "2005.07.30"]

1. d4 Nf6 2. c4 e6 3. Nc3 Bb4 4. Qc2 c5 5. dxc5 Na6 6. a3 Qa5 7. Bd2 Nxc5
8. Rd1 Bxc3 9. Bxc3 Qa4 10. Qxa4 Nxa4 11. Bd4 b6 12. b3 Nc5 13. b4 Na4 14.
e3 Ke7 15. Bd3 d6 16. Nf3 Bd7 17. Nd2 Rhc8 18. O-O b5 19. Rc1 bxc4 20. Bxc4
a5 21. Bd3 axb4 22. axb4 Rcb8 23. Rb1 Bb5 24. Nc4 e5 25. Ba1 e4 26. Bxf6+
Kxf6 27. Bxe4 Bxc4 28. Bxa8 Bxf1 0-1

[Event "15th ETC"]
[Site "Gothenburg SWE"]
[Date "2005.08.06"]
[Round "8"]
[White "Karlsson,L"]
[Black "Agrest,E"]
[Result "1/2-1/2"]
[WhiteElo "2472"]
[BlackElo "2592"]
[EventDate "2005.07.30"]

1. Nf3 c5 2. c4 Nf6 3. Nc3 e6 4. g3 b6 5. Bg2 Bb7 6. O-O Be7 7. Re1 d5 8.
cxd5 exd5 9. d4 O-O 10. Bg5 Na6 11. Rc1 Nc7 12. dxc5 Bxc5 13. e3 Ne6 14.
Bxf6 Qxf6 15. Qd2 Rad8 16. Ne2 d4 1/2-1/2

[Event "15th ETC"]
[Site "Gothenburg SWE"]
[Date "2005.08.06"]
[Round "8"]
[White "Hillarp Persson,T"]
[Black "Lindberg,Bo"]
[Result "1-0"]
[WhiteElo "2511"]
[BlackElo "2359"]
[EventDate "2005.07.30"]

1. d4 Nf6 2. c4 e6 3. Nc3 Bb4 4. e3 b6 5. Bd3 c5 6. Nge2 Bb7 7. O-O cxd4 8.
exd4 O-O 9. a3 Be7 10. d5 Re8 11. Ng3 d6 12. dxe6 fxe6 13. Re1 Bf8 14. Bg5
Nbd7 15. Nh5 Rc8 16. Re3 Rc5 17. Rg3 Kh8 18. Na4 Rxg5 19. Rxg5 g6 20. Nxf6
Qxf6 21. Rg3 Bh6 22. Rh3 Bf4 23. Nc3 Nc5 24. Be2 Be5 25. Bf3 Ba6 26. Be2
Bb7 27. Qc2 Rf8 28. Rf1 Qg5 29. Rg3 Bxg3 30. hxg3 Qe5 31. b4 Ne4 32. Nxe4
Bxe4 33. Qd2 d5 34. Re1 Qf6 35. Bf1 g5 36. f3 Bg6 37. cxd5 exd5 38. Qxd5
Rd8 39. Qb7 Qd4+ 40. Kh2 Qd7 41. Re7 Qxb7 42. Rxb7 Rd1 43. Bb5 Rd5 44. Bc6
Rd2 45. Rxa7 g4 46. fxg4 b5 47. g5 Re2 48. Bxb5 Re5 49. Bc6 Rxg5 50. b5
Rh5+ 51. Kg1 Rc5 52. a4 Bd3 53. b6 1-0

[Event "15th ETC"]
[Site "Gothenburg SWE"]
[Date "2005.08.06"]
[Round "8"]
[White "Hellsten,J"]
[Black "Olsson,An"]
[Result "1-0"]
[WhiteElo "2582"]
[BlackElo "2416"]
[EventDate "2005.07.30"]

1. d4 Nf6 2. c4 g6 3. Nc3 Bg7 4. Nf3 O-O 5. Bg5 d6 6. e3 Nbd7 7. Be2 c6 8.
Qc2 a6 9. a4 a5 10. Rd1 Nb8 11. h3 Na6 12. O-O Nb4 13. Qb1 d5 14. b3 Bf5
15. Qb2 Ne4 16. Bf4 Nxc3 17. Qxc3 Rc8 18. Qb2 f6 19. Rc1 Qd7 20. Rfd1 g5
21. Bh2 e6 22. Ne1 Rfe8 23. Qd2 Bf8 24. Bd3 Nxd3 25. Nxd3 b6 26. c5 Bxd3
27. Qxd3 bxc5 28. dxc5 e5 29. e4 d4 30. Bg3 Rb8 31. f3 Qe6 32. Rc4 Rb7 33.
Be1 Ra8 34. Qc2 h5 35. Rd3 Kf7 36. Kh2 Kg6 37. b4 axb4 38. Rxb4 Rba7 39.
Ra3 Be7 40. Rc4 Bd8 41. a5 Ra6 42. Qd3 Qc8 43. Rca4 Be7 44. Qc2 Qf8 45. Rc4
Bd8 46. Rca4 Be7 47. Rb3 Bxc5 48. Rc4 Rxa5 49. Bxa5 Rxa5 50. Rd3 Qe7 51.
Rd1 Qa7 52. Rc1 h4 53. Rxc5 d3 54. Rxa5 Qe3 55. Qd1 d2 56. Rb1 1-0

[Event "15th ETC"]
[Site "Gothenburg SWE"]
[Date "2005.08.06"]
[Round "8"]
[White "Rusev,K"]
[Black "Jenni,F"]
[Result "0-1"]
[WhiteElo "2426"]
[BlackElo "2494"]
[EventDate "2005.07.30"]

1. d4 Nf6 2. Bg5 e6 3. e4 h6 4. Bxf6 Qxf6 5. c3 d6 6. Bd3 e5 7. Ne2 g6 8.
O-O Bg7 9. f4 Qe7 10. f5 Nd7 11. Nd2 Nf6 12. Qb3 a6 13. Rac1 g5 14. Nc4 b5
15. Ne3 c6 16. a4 Bd7 17. axb5 axb5 18. d5 O-O 19. Ng3 Rfb8 20. Ra1 Qd8 21.
Kh1 Qb6 22. Rae1 c5 23. Qd1 Kf8 24. Nh5 Nxh5 25. Qxh5 f6 26. Qh3 Ke7 27.
Be2 Ra4 28. Qf3 Rh8 29. Bd1 Ra2 30. Qe2 c4 31. Qc2 h5 32. Qb1 Qa7 33. Nc2
Ra5 34. b3 g4 35. Be2 cxb3 36. Qxb3 Rc8 37. c4 bxc4 38. Qg3 Rb8 39. Bxc4
Qc5 40. Bd3 Ra2 41. Qf2 Qxf2 42. Rxf2 Rbb2 43. Rfe2 Ra4 44. g3 Bh6 45. h3
Rb3 46. Rd1 Rxd3 47. Rxd3 Bb5 48. Ne1 Ra1 49. Rde3 Bxe2 50. Rxe2 Bd2 51.
Rxd2 Rxe1+ 52. Kg2 Rxe4 53. h4 Rd4 54. Rxd4 exd4 55. Kf2 Kd7 0-1

[Event "15th ETC"]
[Site "Gothenburg SWE"]
[Date "2005.08.06"]
[Round "8"]
[White "Korchnoi,V"]
[Black "Georgiev,Ki"]
[Result "1/2-1/2"]
[WhiteElo "2615"]
[BlackElo "2666"]
[EventDate "2005.07.30"]

1. d4 Nf6 2. c4 e6 3. Nc3 Bb4 4. Qc2 d5 5. cxd5 Qxd5 6. Nf3 Qf5 7. Qxf5
exf5 8. a3 Bd6 9. e3 c6 10. Bc4 Nbd7 11. O-O Nb6 12. Bb3 Be6 13. Bxe6 fxe6
14. Re1 Nbd5 15. Ng5 Kd7 16. e4 Nxc3 17. bxc3 fxe4 1/2-1/2

[Event "15th ETC"]
[Site "Gothenburg SWE"]
[Date "2005.08.06"]
[Round "8"]
[White "Gallagher,Jo"]
[Black "Spasov,V"]
[Result "1/2-1/2"]
[WhiteElo "2544"]
[BlackElo "2551"]
[EventDate "2005.07.30"]

1. e4 c5 2. Nf3 Nc6 3. d4 cxd4 4. Nxd4 Nf6 5. Nc3 e5 6. Ndb5 d6 7. Nd5 Nxd5
8. exd5 Nb8 9. a4 Be7 10. Be2 O-O 11. O-O Nd7 12. Kh1 a6 13. Na3 f5 14. f4
Bf6 15. Nc4 Nb6 16. Nxb6 Qxb6 17. a5 Qc7 18. c3 Bd7 19. Be3 Rae8 1/2-1/2

[Event "15th ETC"]
[Site "Gothenburg SWE"]
[Date "2005.08.06"]
[Round "8"]
[White "Nordahl,H"]
[Black "Lendwai,R"]
[Result "0-1"]
[WhiteElo "2423"]
[BlackElo "2416"]
[EventDate "2005.07.30"]

1. d4 d5 2. c4 c6 3. Nf3 Nf6 4. Nc3 a6 5. Qb3 dxc4 6. Qxc4 b5 7. Qd3 e6 8.
Bg5 Nbd7 9. e4 h6 10. Bh4 Qa5 11. Be2 c5 12. O-O cxd4 13. Nxd4 Bb7 14. a3
Qb6 15. Rad1 Rd8 16. Qe3 Be7 17. e5 Nd5 18. Nxd5 Bxd5 19. Bxe7 Kxe7 20. Qg3
g6 21. Bf3 Bxf3 22. Nxf3 g5 23. Rd6 Qc5 24. Rxa6 Nb8 25. b4 Qc7 26. Rd6
Rxd6 27. exd6+ Qxd6 28. Qxd6+ Kxd6 29. Nd4 Kd5 30. Nxb5 Kc4 31. Nd6+ Kb3
32. Nxf7 Rh7 33. Ne5 Kxa3 34. b5 Rb7 35. Rb1 Ka2 36. Re1 Rxb5 37. Nf7 h5
38. g3 Nc6 39. Rxe6 Nd4 40. Re4 Nf3+ 41. Kg2 g4 42. h3 gxh3+ 43. Kxf3 Rb3+
44. Re3 Rb1 45. Re5 Rb3+ 46. Re3 Rb1 47. Re5 Rb3+ 48. Ke4 h4 49. Ra5+ Kb2
50. Rh5 h2 51. Rxh4 Rb4+ 52. Kf3 Rxh4 53. gxh4 h1=Q+ 54. Kg4 Qg2+ 55. Kh5
Qxf2 56. Nh6 Qf6 57. Ng4 Qf5+ 0-1

[Event "15th ETC"]
[Site "Gothenburg SWE"]
[Date "2005.08.06"]
[Round "8"]
[White "Neubauer,M"]
[Black "Johannessen,LE"]
[Result "0-1"]
[WhiteElo "2468"]
[BlackElo "2543"]
[EventDate "2005.07.30"]

1. e4 c6 2. d4 d5 3. exd5 cxd5 4. c4 Nf6 5. Nc3 e6 6. Nf3 Bb4 7. cxd5 Nxd5
8. Bd2 Nc6 9. Bd3 O-O 10. O-O Be7 11. Qe2 Qb6 12. Be3 Bf6 13. Rad1 Rd8 14.
Bb1 Nce7 15. Ne4 Bd7 16. Rfe1 Bb5 17. Qd2 Ng6 18. h4 Be7 19. h5 Nf8 20. a3
Rac8 21. h6 g6 22. Rc1 f6 23. Ba2 Be8 24. b4 Bf7 25. Rxc8 Rxc8 26. Nc5 Qc6
27. Rc1 b6 28. Nd3 Qd7 29. Nf4 g5 30. Nxd5 exd5 31. Nh2 Ng6 32. f3 Be6 33.
Ng4 Rxc1+ 34. Qxc1 Kf7 35. Bb3 Bf8 36. Qc2 Qd6 37. Qc1 f5 38. Ne5+ Nxe5 39.
dxe5 Qxe5 40. Bxg5 Bd6 41. f4 Qd4+ 42. Kh1 Qd3 43. Bd1 d4 44. Bh5+ Kf8 45.
Qc6 Qf1+ 46. Kh2 Bxf4+ 47. Bxf4 Qxf4+ 48. Kg1 Qe3+ 49. Kf1 Ke7 50. Qb7+ Bd7
51. Bf3 d3 52. Qd5 d2 53. Be2 Ba4 54. Qb7+ Bd7 55. Qd5 Qxh6 56. Qe5+ Qe6
57. Qg7+ Kd6 58. Qf8+ Kc7 59. Qg7 Qd6 60. Qc3+ Bc6 61. Bd1 Kb7 62. g3 Qd5
63. Qg7+ Ka6 64. Ke2 Bb5+ 65. Kf2 Qh1 66. a4 Qe1+ 67. Kg2 Bc6+ 0-1

[Event "15th ETC"]
[Site "Gothenburg SWE"]
[Date "2005.08.06"]
[Round "8"]
[White "Lie,K"]
[Black "Pilaj,H"]
[Result "1-0"]
[WhiteElo "2472"]
[BlackElo "2425"]
[EventDate "2005.07.30"]

1. e4 e6 2. d4 d5 3. e5 c5 4. c3 Qb6 5. Nf3 Bd7 6. Bd3 Bb5 7. dxc5 Bxc5 8.
b4 Bxd3 9. Qxd3 Bf8 10. O-O Nd7 11. Na3 Ne7 12. Be3 Qd8 13. Bg5 Qb8 14. c4
Nc6 15. cxd5 Nxb4 16. Qb3 Nxd5 17. Rfd1 Bc5 18. Rac1 O-O 19. Nb5 b6 20. Re1
Rc8 21. Rcd1 Qb7 22. Nbd4 Bxd4 23. Nxd4 Rc3 24. Qb2 Nc5 25. Qe2 h6 26. Bd2
Rd3 27. Qg4 Kf8 28. Nb5 Qc6 29. Nd6 Nc3 30. Bxh6 gxh6 31. Qh5 Rxd6 32. Rxd6
Qb7 33. Qxh6+ Ke7 34. Qh4+ Ke8 35. Qh8+ Ke7 36. Qh4+ Ke8 37. Re3 N3e4 38.
Rd4 Rc8 39. f3 Qc7 40. Qh8+ Ke7 41. Qh4+ Ke8 42. fxe4 Nd7 43. Rd1 Qc5 44.
Qh8+ Ke7 45. Qh4+ Ke8 46. Qg3 Nxe5 47. Kh1 Qc2 48. Rf1 Qc4 49. Ree1 Ng6 50.
Rf2 Rd8 51. Ref1 e5 52. h3 Nf4 53. Qg8+ Ke7 54. Qg5+ f6 55. Qg7+ Ke6 56.
Qxa7 Qxe4 57. Qxb6+ Rd6 58. Qb3+ Ke7 59. Qf3 Qa4 60. Qb7+ Rd7 61. Qb3 Qe4
62. Qb1 Qd4 63. Qh7+ Ke6 64. Qg8+ Ke7 65. Rxf4 exf4 66. Re1+ Kd6 67. Qb8+
Rc7 68. Rc1 1-0

[Event "15th ETC"]
[Site "Gothenburg SWE"]
[Date "2005.08.06"]
[Round "8"]
[White "Lehner,O"]
[Black "Elsness,F"]
[Result "1/2-1/2"]
[WhiteElo "2428"]
[BlackElo "2440"]
[EventDate "2005.07.30"]

1. e4 c5 2. Nf3 d6 3. d4 cxd4 4. Nxd4 Nf6 5. Nc3 a6 6. Bg5 e6 7. f4 Qb6 8.
Qd2 Qxb2 9. Rb1 Qa3 10. f5 Nc6 11. fxe6 fxe6 12. Nxc6 bxc6 13. e5 dxe5 14.
Bxf6 gxf6 15. Ne4 Qxa2 16. Rd1 Be7 17. Be2 O-O 18. O-O Ra7 19. Rf3 Rd7 20.
Qh6 Rxd1+ 21. Bxd1 Rf7 22. Rg3+ Kh8 23. Qh5 Qa5 24. h3 Qc7 25. Kh2 Bf8 26.
c3 Qe7 27. Nd6 Rg7 28. Nxc8 Qd8 29. Rxg7 Kxg7 30. Na7 Qd7 31. Bc2 f5 32.
Qg5+ Kf7 33. Bb3 Ke8 34. Qh5+ Kd8 35. Qd1 Qxd1 36. Bxd1 Kc7 37. Ba4 c5 38.
c4 e4 39. Kg3 Bd6+ 40. Kf2 Bf4 41. Ke2 h5 42. Nc6 h4 43. Na5 Bg5 44. Be8
Be7 45. Bf7 Kd6 46. Be8 Kc7 47. Bf7 1/2-1/2

[Event "15th ETC"]
[Site "Gothenburg SWE"]
[Date "2005.08.06"]
[Round "8"]
[White "Perez Candelario,Man"]
[Black "Erturan,Y"]
[Result "1-0"]
[WhiteElo "2504"]
[BlackElo "2311"]
[EventDate "2005.07.30"]

1. e4 e5 2. Nf3 Nc6 3. Bb5 a6 4. Ba4 Nf6 5. O-O Be7 6. Re1 b5 7. Bb3 O-O 8.
h3 Bb7 9. d3 d6 10. a3 Na5 11. Ba2 c5 12. Nc3 Nc6 13. Nd5 Nxd5 14. Bxd5 Qd7
15. c3 Nd8 16. Qb3 Bxd5 17. Qxd5 Qc6 18. a4 Qxd5 19. exd5 Nb7 20. Ra2 b4
21. Bd2 a5 22. Bc1 Rfe8 23. Ra1 h6 24. Nd2 f5 25. Nc4 Bf6 26. Bd2 Re7 27.
Re2 Rae8 28. Rae1 Kf7 29. g3 g5 30. Kg2 h5 31. f3 Kg6 32. Rg1 e4 33. Rge1
exf3+ 34. Kxf3 Be5 35. Kg2 Kf6 36. d4 bxc3 37. dxe5+ 1-0

[Event "15th ETC"]
[Site "Gothenburg SWE"]
[Date "2005.08.06"]
[Round "8"]
[White "Haznedaroglu,K"]
[Black "Lopez Martinez,J"]
[Result "0-1"]
[WhiteElo "2430"]
[BlackElo "2507"]
[EventDate "2005.07.30"]

1. e4 e6 2. d4 d5 3. Nc3 Bb4 4. e5 Ne7 5. a3 Bxc3+ 6. bxc3 c5 7. Qg4 O-O 8.
Bd3 f5 9. exf6 Rxf6 10. Qh5 h6 11. Nf3 c4 12. Be2 Nbc6 13. O-O Qf8 14. a4
Rf5 15. Qh4 Qf7 16. Qg3 Ng6 17. Nh4 Nxh4 18. Qxh4 e5 19. dxe5 Rxe5 20. Bf3
Bf5 21. Bf4 Re7 22. Rad1 Be4 23. Bh5 g6 24. Be2 g5 25. Qxh6 gxf4 26. f3 Bg6
27. Rf2 Rae8 28. Bf1 Re5 29. g4 Bh7 30. Rfd2 R8e6 31. Qh4 Kg7 32. Qf2 Re8
33. a5 a6 34. Qb6 R8e7 35. h4 d4 36. Qb2 Re3 37. Qb6 Rxc3 38. g5 Bxc2 39.
Rc1 Bd3 0-1

[Event "15th ETC"]
[Site "Gothenburg SWE"]
[Date "2005.08.06"]
[Round "8"]
[White "Esen,B"]
[Black "Del Rio Angelis,S"]
[Result "1/2-1/2"]
[WhiteElo "2301"]
[BlackElo "2470"]
[EventDate "2005.07.30"]

1. d4 e6 2. c4 Nf6 3. Nc3 Bb4 4. Qc2 Nc6 5. Nf3 d6 6. Bd2 e5 7. d5 Bxc3 8.
Bxc3 Ne7 9. e4 Ng6 10. g3 O-O 11. Bg2 Bd7 12. O-O Ne8 13. Nd2 f5 14. exf5
Bxf5 15. Ne4 Nf6 16. Nxf6+ Qxf6 17. Qe2 Qf7 18. Rac1 Qd7 19. Rfe1 Bg4 20.
f3 Bh3 21. Bh1 Rae8 22. Bd2 Qa4 23. a3 b6 24. Be3 a5 25. Qc2 Qd7 26. b4
axb4 27. axb4 Ne7 28. Red1 Bf5 29. Qb3 Bg6 30. c5 bxc5 31. bxc5 Rb8 32. Qc4
Rb2 33. cxd6 cxd6 34. Qc7 Qxc7 35. Rxc7 Bc2 36. Rd2 Rb1+ 37. Kg2 Bd1 38.
Rxd1 Rxd1 39. Rxe7 Rb8 40. f4 Rb2+ 41. Kf3 exf4 42. Bxf4 Rxh1 43. Bxd6 Rf1+
44. Kg4 Rf6 45. Be5 Rg6+ 46. Kh3 Rd2 47. d6 Kf8 48. Ra7 h5 49. Ra8+ Kf7 50.
Ra7+ Kg8 51. d7 Kh7 52. Bc3 Rd5 53. Ba5 Rgd6 54. d8=Q Rxd8 55. Bxd8 Rxd8
56. Ra5 1/2-1/2

[Event "15th ETC"]
[Site "Gothenburg SWE"]
[Date "2005.08.06"]
[Round "8"]
[White "Wagener,Cl"]
[Black "Thorfinnsson,Br"]
[Result "0-1"]
[WhiteElo "2273"]
[BlackElo "2448"]
[EventDate "2005.07.30"]

1. e4 c5 2. Nf3 d6 3. d4 cxd4 4. Nxd4 Nf6 5. Nc3 a6 6. Be2 e6 7. O-O Be7 8.
a4 Qc7 9. Be3 b6 10. g4 Bb7 11. Bf3 Nc6 12. Bg2 O-O 13. g5 Nd7 14. f4 Nxd4
15. Qxd4 e5 16. Qd2 exf4 17. Bxf4 Rac8 18. Rf2 Ne5 19. Nd5 Bxd5 20. exd5
Ng6 21. Bg3 Qd7 22. Be4 Rc4 23. Bf5 Qc7 24. b3 Rc3 25. Bd3 a5 26. Rf3 Qc5+
27. Kg2 Qd4 28. Rd1 Qg4 29. Kf2 Rfc8 30. h4 Ne5 31. Rf4 Qh3 32. Qe2 b5 33.
axb5 Bd8 34. Qe3 Rxc2+ 35. Bxc2 Rxc2+ 36. Ke1 Bb6 0-1

[Event "15th ETC"]
[Site "Gothenburg SWE"]
[Date "2005.08.06"]
[Round "8"]
[White "Kristjansson,St"]
[Black "Berend,F"]
[Result "1-0"]
[WhiteElo "2459"]
[BlackElo "2374"]
[EventDate "2005.07.30"]

1. e4 c5 2. b3 Nf6 3. e5 Nd5 4. Bb2 Nc6 5. Nf3 e6 6. Na3 Be7 7. c4 Nc7 8.
h4 d6 9. exd6 Qxd6 10. Bxg7 Rg8 11. Bb2 a6 12. Nc2 e5 13. Qe2 f6 14. Qd3
Qe6 15. Qxh7 e4 16. Ng1 Bd7 17. Qh5+ Kf8 18. O-O-O Be8 19. Qh6+ Kf7 20. Ne2
Bf8 21. Qe3 f5 22. Nf4 Qd6 23. d3 Bh6 24. g3 Rd8 25. Be2 Ne6 26. Kb1 Nxf4
27. gxf4 Bxf4 28. Qh3 Bd7 29. dxe4 fxe4 30. Rxd6 Bxh3 31. Rf6+ Ke8 32. Rxf4
Bg2 33. Re1 Nd4 34. Nxd4 cxd4 35. Bd3 Kd7 36. Bxe4 1-0

[Event "15th ETC"]
[Site "Gothenburg SWE"]
[Date "2005.08.06"]
[Round "8"]
[White "Gunnarsson,Arn"]
[Black "Weber,Je"]
[Result "1-0"]
[WhiteElo "2438"]
[BlackElo "2262"]
[EventDate "2005.07.30"]

1. Nf3 c5 2. c4 g6 3. g3 Bg7 4. Bg2 Nc6 5. O-O e5 6. Nc3 Nge7 7. d3 O-O 8.
a3 d6 9. Rb1 a5 10. Ne1 Be6 11. Nc2 Qd7 12. b4 axb4 13. axb4 f5 14. bxc5
dxc5 15. Bd2 Rfd8 16. Ne3 e4 17. Na4 exd3 18. Nb6 dxe2 19. Qxe2 Qd6 20.
Nxa8 Rxa8 21. Rxb7 Nd4 22. Qe1 Ra2 23. Kh1 Nec6 24. Nd5 Ne5 25. Bf4 Ndf3
26. Bxf3 Nxf3 27. Bxd6 1-0

[Event "15th ETC"]
[Site "Gothenburg SWE"]
[Date "2005.08.06"]
[Round "8"]
[White "Bakalarz,M"]
[Black "Stefansson,H"]
[Result "1/2-1/2"]
[WhiteElo "2423"]
[BlackElo "2579"]
[EventDate "2005.07.30"]

1. d4 Nf6 2. c4 e6 3. Nc3 Bb4 4. Qc2 c5 5. dxc5 O-O 6. Bg5 Bxc5 7. Nf3 Be7
8. Rd1 b6 9. e4 Bb7 10. Be2 Na6 11. e5 Ng4 12. Bf4 f6 13. exf6 Nxf6 14. O-O
Nc5 15. Be5 a5 16. Rd4 1/2-1/2

[Event "15th ETC"]
[Site "Gothenburg SWE"]
[Date "2005.08.06"]
[Round "8"]
[White "Tikkanen,H"]
[Black "Karttunen,M"]
[Result "1/2-1/2"]
[WhiteElo "2316"]
[BlackElo "2409"]
[EventDate "2005.07.30"]

1. d4 d5 2. c4 c6 3. Nf3 Nf6 4. Nc3 dxc4 5. a4 Bf5 6. Ne5 Nbd7 7. Nxc4 Nb6
8. Ne5 a5 9. f3 Nfd7 10. Nxd7 Nxd7 11. e4 Bg6 12. d5 e5 13. dxe6 fxe6 14.
Qb3 Nc5 15. Qc2 e5 16. Bc4 Bf7 17. Bxf7+ Kxf7 18. Be3 Qd3 19. Qe2 Qxe2+ 20.
Kxe2 Be7 21. Rad1 Rhd8 22. Rxd8 Rxd8 23. Rd1 Rxd1 24. Kxd1 Nd3 25. b3 Bc5
26. Bd2 Bg1 27. Ne2 Bb6 28. Kc2 Nc5 29. Bc3 Bc7 30. Nc1 Ke6 31. Bd2 b5 32.
Be3 Kd6 33. Nd3 Nd7 34. f4 Ke6 35. f5+ Kd6 36. g4 Bb6 37. Bxb6 Nxb6 38. Nb2
Nd7 39. Nd3 Nf6 40. Nf2 Nd7 41. Nd3 Nf6 42. Nf2 Nd7 1/2-1/2

[Event "15th ETC"]
[Site "Gothenburg SWE"]
[Date "2005.08.06"]
[Round "8"]
[White "Nyysti,S"]
[Black "Olsson,L"]
[Result "1-0"]
[WhiteElo "2344"]
[BlackElo "2352"]
[EventDate "2005.07.30"]

1. e4 c5 2. Nf3 d6 3. d4 cxd4 4. Nxd4 Nf6 5. Nc3 a6 6. Be3 e5 7. Nb3 Be6 8.
f3 Nbd7 9. g4 Nb6 10. g5 Nh5 11. Qd2 Be7 12. O-O-O O-O 13. Kb1 Qc7 14. Rg1
g6 15. Nd5 Bxd5 16. exd5 Nc4 17. Bxc4 Qxc4 18. Rg4 Qc8 19. Qd3 Qf5 20. Qxf5
gxf5 21. Rb4 b5 22. a4 bxa4 23. Na5 f4 24. Bf2 Ng7 25. h4 Nf5 26. Nc6 Rfe8
27. c4 Bf8 28. Re1 Ne7 29. Nxe7+ Bxe7 30. Rxa4 Reb8 31. Kc2 f6 32. gxf6
Bxf6 33. b4 Kf7 34. Rg1 Ke7 35. Kd3 Kd7 36. Ke4 Kc7 37. Rga1 Rg8 38. Rxa6
Rxa6 39. Rxa6 Rg2 40. Rc6+ Kd7 41. Bb6 Bxh4 42. Rc7+ Ke8 43. Rxh7 Be7 44.
c5 Rb2 45. Kf5 e4 46. Ke6 exf3 47. Rxe7+ Kf8 48. Rf7+ Kg8 49. Rxf4 1-0

[Event "15th ETC"]
[Site "Gothenburg SWE"]
[Date "2005.08.06"]
[Round "8"]
[White "Trevelyan,J"]
[Black "Grant,J"]
[Result "1-0"]
[WhiteElo "2196"]
[BlackElo "2273"]
[EventDate "2005.07.30"]

1. e4 c6 2. d3 d5 3. Nf3 Bg4 4. Be2 e6 5. h3 Bh5 6. Nbd2 Nd7 7. O-O Ne7 8.
Nh4 Bxe2 9. Qxe2 Ng6 10. Nxg6 hxg6 11. c4 dxe4 12. dxe4 Nc5 13. Nf3 Qd3 14.
Qxd3 Nxd3 15. Bg5 Nxb2 16. Rab1 Nxc4 17. Rxb7 Na5 18. Rbb1 Be7 19. Rfc1
Bxg5 20. Nxg5 Rh5 21. Rc5 f6 22. Rxa5 Rxg5 23. Rxg5 fxg5 24. Rb7 Rd8 25.
Rxa7 Rd1+ 26. Kh2 Rd4 27. f3 Kf8 28. a4 c5 29. Kg3 Rd2 30. Rc7 Ra2 31. Rxc5
Rxa4 32. Kg4 Ra2 33. g3 Ra3 34. Rxg5 Kf7 35. Rb5 Ra1 36. e5 Ra3 37. Rb4 Ra5
38. Re4 Ra3 39. h4 Rc3 40. Rf4+ Kg8 41. Kg5 Kh7 42. Rf7 Rc5 43. f4 Rc3 44.
g4 Rc6 45. Re7 Ra6 46. h5 gxh5 47. gxh5 Kg8 48. Kg6 Kf8 49. Rf7+ Ke8 50.
Rxg7 Ra4 51. h6 Rxf4 52. h7 Rg4+ 53. Kf6 1-0

[Event "15th ETC"]
[Site "Gothenburg SWE"]
[Date "2005.08.06"]
[Round "8"]
[White "James,Dav"]
[Black "McNab,C"]
[Result "1/2-1/2"]
[WhiteElo "2213"]
[BlackElo "2451"]
[EventDate "2005.07.30"]

1. Nf3 d6 2. d4 g6 3. c4 Bg7 4. Nc3 Nd7 5. e4 e5 6. Be2 Ngf6 7. O-O O-O 8.
Re1 b6 9. Qc2 exd4 10. Nxd4 Bb7 11. Be3 Re8 12. f3 c6 13. Bf2 Qe7 14. Rad1
h5 15. Bg3 Nh7 16. f4 Nc5 17. Bf3 Ne6 18. Nxe6 Qxe6 19. Qd3 Rad8 20. Bh4
Bf6 21. Bxf6 Qxf6 22. g3 Nf8 23. Qd4 Qe7 24. Qf2 Nd7 25. Re2 Nc5 26. Red2
a5 27. Rd4 Ne6 28. R4d3 Nc5 29. Rd4 Ne6 1/2-1/2

[Event "15th ETC"]
[Site "Gothenburg SWE"]
[Date "2005.08.06"]
[Round "8"]
[White "Van der Stricht,G"]
[Black "Kassinopoullos,D"]
[Result "1-0"]
[WhiteElo "2400"]
[BlackElo "2094"]
[EventDate "2005.07.30"]

1. d4 Nf6 2. c4 c5 3. d5 a6 4. a4 e5 5. Nc3 d6 6. e4 Be7 7. Bd3 Nbd7 8. f4
exf4 9. Bxf4 O-O 10. Nf3 Nh5 11. Bd2 Bh4+ 12. g3 Nxg3 13. hxg3 Bxg3+ 14.
Kf1 f5 15. Kg2 f4 16. e5 g5 17. e6 g4 18. Bxh7+ Kg7 19. Ne4 gxf3+ 20. Qxf3
Ne5 21. Qh5 1-0